Evolutionary psychology and explanation in personality psychology: how do we know which module to invoke? (Record no. 44552)

000 -LEADER
fixed length control field 01604pab a2200169 454500
008 - FIXED-LENGTH DATA ELEMENTS--GENERAL INFORMATION
fixed length control field 180718b2000 xxu||||| |||| 00| 0 eng d
100 ## - MAIN ENTRY--PERSONAL NAME
Personal name Cervone, Daniel
245 ## - TITLE STATEMENT
Title Evolutionary psychology and explanation in personality psychology: how do we know which module to invoke?
260 ## - PUBLICATION, DISTRIBUTION, ETC.
Date of publication, distribution, etc. 2000
300 ## - PHYSICAL DESCRIPTION
Extent p.1001-014
362 ## - DATES OF PUBLICATION AND/OR SEQUENTIAL DESIGNATION
Dates of publication and/or sequential designation Mar
520 ## - SUMMARY, ETC.
Summary, etc. Personality psychology explores personal determinants of social behavior, that is, psychological systems that causally contribute to the coherent patterns of experience and action that distinguish individuals from one another. This article explores two obstacles faced by evolutionary accounts of personality functioning. The first is the problem of act identification. Explaining social behavior by reference to an evolved mental module requires that one determine which module to invoke. This generally requires identifying the meaning of complex, culturally and socially embedded actions. Evolutionary psychology provides no tools for unambiguously making these identifications. The second obstacle derives from the fact that, in evolutionary psychology, behavior may reflect the joint action of multiple mental modules. Prediction and explanation would require assessment of the relative strengths of activation of the multiple modules. This commonly is not possible. Alternative accounts of personality structure and functioning, including that of social-cognitive theories of personality, are considered. - Reproduced
650 ## - SUBJECT ADDED ENTRY--TOPICAL TERM
Topical term or geographic name entry element Psychology
650 ## - SUBJECT ADDED ENTRY--TOPICAL TERM
Topical term or geographic name entry element Personality development
773 ## - HOST ITEM ENTRY
Main entry heading American Behavioral Scientist
909 ## -
-- 44552
Holdings
Withdrawn status Lost status Damaged status Not for loan Permanent Location Current Location Date acquired Serial Enumeration / chronology Barcode Date last seen Price effective from Koha item type
        Indian Institute of Public Administration Indian Institute of Public Administration 2018-07-19 Volume no: 43, Issue no: 6 AR44963 2018-07-19 2018-07-19 Articles

Powered by Koha